Zdaňovanie - otázky z daňového tabu a časté chyby

Pokračovanie príspevku z predchádzajúceho čísla. Problematika daňového dokazovania a daňového svedectva. Ilustračné príklady.

Salvato in:
Dettagli Bibliografici
Autore principale: Burák, Emil
Natura: Capitolo di libro
Lingua:slovacco
Soggetti:
Tags: Aggiungi Tag
Nessun Tag, puoi essere il primo ad aggiungerne!!

MARC

LEADER 00000naa a2200000 4500
001 0205836
005 20231207113228.3
041 0 |a slo 
044 |a SK 
245 1 0 |a Zdaňovanie - otázky z daňového tabu a časté chyby  |c Emil Burák 
520 |a Pokračovanie príspevku z predchádzajúceho čísla. Problematika daňového dokazovania a daňového svedectva. Ilustračné príklady. 
610 2 0 |a poriadok daňový 
610 2 0 |a audit 
610 2 0 |a zdaňovanie 
610 2 0 |a riziko 
610 2 0 |a kontrola daňová 
100 1 |a Burák, Emil